[Event "Oberliga Nord O 1920"]
[Site "Germany"]
[Date "2019.11.24"]
[Round "3.8"]
[White "Bubolz, Konstantin"]
[Black "Kuersten, Ruediger"]
[Result "1/2-1/2"]
[WhiteElo "2130"]
[BlackElo "2184"]
[PlyCount "119"]
[EventDate "2019.09.29"]
[EventType "team-tourn"]
[EventRounds "9"]
[EventCountry "GER"]
[SourceTitle "CBM 195 Extra"]
[Source "ChessBase"]
[SourceDate "2020.05.31"]
[SourceVersion "1"]
[SourceVersionDate "2020.05.31"]
[SourceQuality "1"]

1. d4 d5 2. c4 c6 3. Nc3 Nf6 4. Nf3 a6 5. a4 g6 6. e3 Bg7 7. Bd3 0-0 8. Qc2 Nbd7 9. 0-0 Qc7 10. cxd5 cxd5 11. b4 e5 12. Bb2 Re8 13. Rac1 Qd6 14. dxe5 Nxe5 15. Nxe5 Rxe5 16. Ne2 Re8 17. Nf4 Be6 18. Qc5 Qxc5 19. Rxc5 Ne4 20. Bxe4 dxe4 21. Bxg7 Kxg7 22. Rc7 Bb3 23. a5 Rab8 24. Rb1 Ba4 25. g4 b6 26. Ra1 Bb5 27. axb6 Rxb6 28. Nd5 Rd6 29. Rc5 Red8 30. Nc3 Bd3 31. Re5 Re6 32. Rxe6 fxe6 33. Kg2 Rb8 34. Ra4 Rc8 35. Ra3 Rc4 36. b5 axb5 37. Nxb5 Rc1 38. Nd4 e5 39. Nb3 Rc3 40. Ra7+ Kf6 41. Nd2 Rc2 42. Nf1 Be2 43. h3 Bf3+ 44. Kg3 Rc1 45. Nd2 Rg1+ 46. Kh4 g5+ 47. Kh5 Bxg4+ 48. Kh6 Bf3 49. Ra6+ Kf5 50. Nc4 Be2 51. Kg7 g4 52. Rf6+ Kg5 53. h4+ Kxh4 54. Rh6+ Kg5 55. Nd6 g3 56. Nxe4+ Kg4 57. Nxg3 Bd3 58. Kf6 Kf3 59. Kxe5 Kxf2 60. Nf5 1/2-1/2

[Event "Berlin Eckbauer op 14th"]
[Site "Berlin"]
[Date "2011.10.17"]
[Round "1.8"]
[White "Hall, Oliver"]
[Black "Bubolz, Konstantin"]
[Result "0-1"]
[WhiteElo "1606"]
[BlackElo "2127"]
[PlyCount "98"]
[EventDate "2011.10.17"]
[EventType "swiss"]
[EventRounds "7"]
[EventCountry "GER"]
[SourceTitle "EXT 2022"]
[Source "ChessBase"]
[SourceDate "2021.10.06"]
[SourceVersion "1"]
[SourceVersionDate "2021.10.06"]
[SourceQuality "1"]

1. e4 e6 2. d4 d5 3. Nc3 Bb4 4. e5 c5 5. a3 Bxc3+ 6. bxc3 Ne7 7. Qg4 Qc7 8. Qxg7 Rg8 9. Qxh7 cxd4 10. Qd3 Nbc6 11. cxd4 Nxe5 12. dxe5 Qxe5+ 13. Be3 Qxa1+ 14. Kd2 Qf6 15. h4 Bd7 16. Nf3 Rc8 17. Bg5 Qf5 18. Qxf5 exf5 19. Bd3 Rc6 20. h5 f6 21. Be3 a6 22. g3 Kf7 23. Nd4 Rcc8 24. Ne2 Nc6 25. Nd4 Nxd4 26. Bxd4 Rg4 27. Be3 Ra4 28. h6 Rxa3 29. h7 Kg7 30. Bh6+ Kh8 31. g4 Ra4 32. g5 fxg5 33. Bxg5 Rf8 34. Be7 Rf7 35. Bd6 Rxh7 36. Be5+ Kg8 37. Rg1+ Kf7 38. c3 Ra2+ 39. Ke3 Rh3+ 40. f3 Rh7 41. c4 Be6 42. cxd5 Bxd5 43. Bxf5 Rh6 44. Rg7+ Ke8 45. Bg6+ Kf8 46. f4 Ra4 47. Bf5 Rh5 48. Bg4 Rxe5+ 49. fxe5 Kxg7 0-1

[Event "Berlin Lichtenrade op 07th"]
[Site "Berlin"]
[Date "2011.10.10"]
[Round "3"]
[White "Bubolz, Konstantin"]
[Black "Postler, Reinhard"]
[Result "0-1"]
[WhiteElo "2127"]
[BlackElo "2367"]
[PlyCount "86"]
[EventDate "2011.10.08"]
[EventType "swiss"]
[EventRounds "9"]
[EventCountry "GER"]
[SourceTitle "CBM 144 Extra"]
[Source "ChessBase"]
[SourceDate "2011.10.28"]
[SourceVersion "1"]
[SourceVersionDate "2011.10.28"]
[SourceQuality "1"]

1. d4 d5 2. c4 c6 3. Nc3 Nf6 4. Nf3 e6 5. e3 Nbd7 6. Bd3 dxc4 7. Bxc4 b5 8. Bd3 Bd6 9. 0-0 0-0 10. e4 e5 11. Ne2 Re8 12. Bg5 Bb7 13. Qd2 exd4 14. Nexd4 Ne5 15. Nxe5 Bxe5 16. Nf5 h6 17. Be3 Ng4 18. f4 Nxe3 19. Qxe3 Bxb2 20. Qg3 Bc8 21. Nxh6+ Kf8 22. Rad1 gxh6 23. e5 Be6 24. f5 Bd5 25. f6 Rxe5 26. Qg7+ Ke8 27. Bg6 Kd7 28. Bxf7 Kd6 29. Qg3 Qb6+ 30. Kh1 Qe3 31. Qh4 a5 32. Rfe1 Qg5 33. Qf2 Bd4 34. Rxe5 Bxf2 35. Rxg5 hxg5 36. Bxd5 cxd5 37. Rf1 Bd4 38. Rf5 Rf8 39. Rxg5 Rxf6 40. h4 Rf2 41. h5 b4 42. h6 a4 43. h7 b3 0-1

[Event "Berlin Eckbauer op 13th"]
[Site "Berlin"]
[Date "2010.10.11"]
[Round "5.2"]
[White "Kievelitz, Bernd"]
[Black "Bubolz, Konstantin"]
[Result "1/2-1/2"]
[WhiteElo "2101"]
[BlackElo "2143"]
[PlyCount "105"]
[EventDate "2010.09.13"]
[EventType "swiss"]
[EventRounds "7"]
[EventCountry "GER"]
[SourceTitle "EXT 2022"]
[Source "ChessBase"]
[SourceDate "2021.10.06"]
[SourceVersion "1"]
[SourceVersionDate "2021.10.06"]
[SourceQuality "1"]

1. Nf3 Nf6 2. c4 c5 3. d4 cxd4 4. Nxd4 e5 5. Nb5 d5 6. cxd5 Bc5 7. e3 e4 8. Be2 0-0 9. N5c3 Qe7 10. a3 Rd8 11. b4 Bd6 12. Bb2 Bf5 13. Nd2 Nbd7 14. Nc4 Ne5 15. Nb5 Nxc4 16. Bxc4 Bxb4+ 17. Kf1 Bc5 18. Qb3 a6 19. Nc3 Rac8 20. Rd1 Rd6 21. Be2 b5 22. h3 h5 23. Rg1 Rcd8 24. g4 hxg4 25. hxg4 Bc8 26. Qc2 b4 27. axb4 Bxb4 28. Rg3 Qc7 29. Rc1 Bxc3 30. Qxc3 Qxc3 31. Bxc3 Nxd5 32. Ba5 Re8 33. Rd1 Bb7 34. g5 Bc6 35. Rd4 Bb5 36. Rg4 Bxe2+ 37. Kxe2 Ree6 38. Rdxe4 Rxe4 39. Rxe4 f5 40. Rd4 Kf7 41. Bb4 Rd7 42. Bd2 Ke6 43. Ra4 Rd6 44. f3 Nc7 45. Ra5 Nb5 46. Bb4 Rc6 47. Bf8 g6 48. Bg7 Kd5 49. Kd3 Kc5 50. Ra1 Rd6+ 51. Ke2 Kc4 52. Rc1+ Kb3 53. Rb1+ 1/2-1/2

[Event "Berlin Eckbauer op 13th"]
[Site "Berlin"]
[Date "2010.09.13"]
[Round "1.4"]
[White "Berndt, Ronald"]
[Black "Bubolz, Konstantin"]
[Result "0-1"]
[WhiteElo "1727"]
[BlackElo "2143"]
[PlyCount "38"]
[EventDate "2010.09.13"]
[EventType "swiss"]
[EventRounds "7"]
[EventCountry "GER"]
[SourceTitle "EXT 2022"]
[Source "ChessBase"]
[SourceDate "2021.10.06"]
[SourceVersion "1"]
[SourceVersionDate "2021.10.06"]
[SourceQuality "1"]

1. e4 e6 2. d4 d5 3. exd5 exd5 4. Bd3 Bd6 5. Nf3 Bg4 6. h3 Bh5 7. 0-0 Nc6 8. c3 Nge7 9. Bg5 Qd7 10. Re1 f6 11. Be3 0-0-0 12. Nbd2 Rde8 13. Qc2 g5 14. g4 Bg6 15. a3 Bxd3 16. Qxd3 h5 17. c4 hxg4 18. c5 gxf3 19. cxd6 Qxh3 0-1

[Event "Berlin Eckbauer op 11th"]
[Site "Berlin"]
[Date "2008.09.08"]
[Round "1.4"]
[White "Schneider, Eckehard"]
[Black "Bubolz, Konstantin"]
[Result "0-1"]
[WhiteElo "1802"]
[BlackElo "2138"]
[PlyCount "62"]
[EventDate "2008.09.08"]
[EventType "swiss"]
[EventRounds "6"]
[EventCountry "GER"]
[SourceTitle "EXT 2022"]
[Source "ChessBase"]
[SourceDate "2021.10.06"]
[SourceVersion "1"]
[SourceVersionDate "2021.10.06"]
[SourceQuality "1"]

1. e4 e6 2. d4 d5 3. e5 c5 4. c3 Qb6 5. Nf3 Nc6 6. a3 Bd7 7. b4 cxd4 8. cxd4 Rc8 9. Bb2 Na5 10. Nc3 Nc4 11. Bxc4 dxc4 12. 0-0 Ne7 13. Re1 Nd5 14. Qd2 Be7 15. Rac1 0-0 16. Ne4 Qc7 17. Nc5 b6 18. Nxd7 Qxd7 19. Bc3 Rfd8 20. Red1 b5 21. Ng5 Nxc3 22. Rxc3 f6 23. Nf3 f5 24. Qf4 Qd5 25. Kf1 a5 26. Rb1 axb4 27. axb4 Ra8 28. Qc1 Ra4 29. Ra3 Rda8 30. Rba1 Rxa3 31. Rxa3 Bxb4 0-1

[Event "Berlin-ch U18"]
[Site "Berlin"]
[Date "2006.02.04"]
[Round "7.2"]
[White "Bubolz, Konstantin"]
[Black "Mai, Andreas"]
[Result "0-1"]
[WhiteElo "2051"]
[BlackElo "1730"]
[PlyCount "68"]
[EventDate "2006.01.29"]
[EventType "swiss"]
[EventRounds "7"]
[EventCountry "GER"]
[SourceTitle "EXT 2022"]
[Source "ChessBase"]
[SourceDate "2021.10.06"]
[SourceVersion "1"]
[SourceVersionDate "2021.10.06"]
[SourceQuality "1"]

1. d4 Nf6 2. c4 g6 3. Nc3 Bg7 4. e4 d6 5. Nf3 0-0 6. Be2 Nc6 7. 0-0 e5 8. d5 Ne7 9. b4 Ne8 10. c5 f5 11. Nd2 f4 12. Nc4 g5 13. f3 h5 14. a4 Rf6 15. Ba3 Rg6 16. b5 b6 17. cxd6 cxd6 18. Bb4 g4 19. a5 g3 20. h3 Nc6 21. Nxd6 Nxd6 22. Bxd6 Rxd6 23. bxc6 Qh4 24. Bc4 b5 25. Nxb5 Bf8 26. Qe2 Kh8 27. Nxd6 Bxd6 28. Rfc1 Bc5+ 29. Kf1 Bf2 30. Qxf2 gxf2 31. Rab1 Qd8 32. Rd1 Qxa5 33. d6 Qc5 34. Bd5 Ba6+ 0-1

[Event "Berlin-ch U18"]
[Site "Berlin"]
[Date "2006.02.01"]
[Round "4.5"]
[White "Hummel, Helmut"]
[Black "Bubolz, Konstantin"]
[Result "0-1"]
[WhiteElo "1634"]
[BlackElo "2051"]
[PlyCount "72"]
[EventDate "2006.01.29"]
[EventType "swiss"]
[EventRounds "7"]
[EventCountry "GER"]
[SourceTitle "EXT 2022"]
[Source "ChessBase"]
[SourceDate "2021.10.06"]
[SourceVersion "1"]
[SourceVersionDate "2021.10.06"]
[SourceQuality "1"]

1. e4 e6 2. d4 d5 3. exd5 exd5 4. c4 Bb4+ 5. Nc3 Qe7+ 6. Qe2 dxc4 7. Qxe7+ Nxe7 8. Bxc4 Nbc6 9. Nge2 Be6 10. Bxe6 fxe6 11. a3 Ba5 12. 0-0 Rd8 13. Re1 Kf7 14. Be3 Nd5 15. Rac1 Rd7 16. b4 Nxc3 17. Rxc3 Nxb4 18. axb4 Bxb4 19. Rec1 Bxc3 20. Rxc3 e5 21. d5 c6 22. f4 Rxd5 23. Bxa7 Rd2 24. Re3 Ra8 25. Bc5 exf4 26. Re4 Raa2 27. Kf2 g5 28. Kf3 g4+ 29. Kf2 Rdc2 30. Bd4 Kg6 31. Re6+ Kf7 32. Re4 c5 33. Rxf4+ Ke6 34. Re4+ Kd5 35. Re5+ Kd6 36. Re4 Rxe2+ 0-1

[Event "Berlin-ch U18"]
[Site "Berlin"]
[Date "2006.01.30"]
[Round "2.7"]
[White "Melzer, Alexander"]
[Black "Bubolz, Konstantin"]
[Result "1-0"]
[WhiteElo "1551"]
[BlackElo "2051"]
[PlyCount "79"]
[EventDate "2006.01.29"]
[EventType "swiss"]
[EventRounds "7"]
[EventCountry "GER"]
[SourceTitle "EXT 2022"]
[Source "ChessBase"]
[SourceDate "2021.10.06"]
[SourceVersion "1"]
[SourceVersionDate "2021.10.06"]
[SourceQuality "1"]

1. Nf3 Nf6 2. g3 b5 3. Bg2 Bb7 4. d3 c5 5. c4 bxc4 6. dxc4 e6 7. Nc3 Be7 8. 0-0 0-0 9. Bf4 d6 10. a3 Nc6 11. Rb1 a5 12. Nb5 e5 13. Bg5 Ne8 14. Bxe7 Qxe7 15. Qd2 Rd8 16. Ng5 f5 17. Bd5+ Kh8 18. Ne6 f4 19. Nxf8 Qxf8 20. e3 Nf6 21. e4 f3 22. Qe3 Nxd5 23. cxd5 Ne7 24. Nc7 Bc8 25. b4 axb4 26. axb4 cxb4 27. Rxb4 Bh3 28. Ne6 Bxe6 29. dxe6 d5 30. Rb3 d4 31. Qxf3 Qxf3 32. Rxf3 Kg8 33. Rf7 Nc6 34. Rd7 Re8 35. Rd6 Ne7 36. f4 Ng6 37. fxe5 Nxe5 38. Rxd4 g6 39. Rd6 Kg7 40. Kg2 1-0

[Event "GER-chT U20"]
[Site "Berlin"]
[Date "2005.12.27"]
[Round "1.2"]
[White "Bubolz, Konstantin"]
[Black "Rudnik, Kirill"]
[Result "1-0"]
[WhiteElo "2042"]
[BlackElo "1877"]
[PlyCount "65"]
[EventDate "2005.12.27"]
[EventType "team-swiss"]
[EventRounds "7"]
[EventCountry "GER"]
[SourceTitle "EXT 2022"]
[Source "ChessBase"]
[SourceDate "2021.10.06"]
[SourceVersion "1"]
[SourceVersionDate "2021.10.06"]
[SourceQuality "1"]
[WhiteTeam "Koenig Tegel U20"]
[BlackTeam "Porz SG U20"]
[WhiteTeamCountry "GER"]
[BlackTeamCountry "GER"]

1. d4 d5 2. c4 e6 3. Nc3 Nf6 4. cxd5 exd5 5. Bg5 c6 6. Qc2 Be7 7. e3 Ne4 8. Bxe7 Qxe7 9. Nxd5 cxd5 10. Qxc8+ Qd8 11. Bb5+ Nc6 12. Bxc6+ bxc6 13. Qxc6+ Kf8 14. Ne2 Rc8 15. Qa4 h5 16. 0-0 Qg5 17. Rac1 Re8 18. Rc7 Rh6 19. Nf4 Rf6 20. Rfc1 Nxf2 21. Rc8 Nh3+ 22. Nxh3 Qxe3+ 23. Kh1 Rfe6 24. Rxe8+ Rxe8 25. Qa3+ Qxa3 26. bxa3 Re4 27. Rd1 Re3 28. Nf4 Rxa3 29. Nxd5 Rxa2 30. Nb4 Rb2 31. Nc6 a6 32. d5 Ke8 33. d6 1-0

[Event "Berlin Lichtenrade op 02nd"]
[Site "Berlin"]
[Date "2005.10.08"]
[Round "8"]
[White "Bubolz, Konstantin"]
[Black "Welz, Peter"]
[Result "0-1"]
[WhiteElo "2042"]
[BlackElo "2156"]
[PlyCount "66"]
[EventDate "2005.10.01"]
[EventType "swiss"]
[EventRounds "9"]
[EventCountry "GER"]
[SourceTitle "CBM 108 Extra"]
[Source "ChessBase"]
[SourceDate "2005.11.04"]
[SourceVersion "1"]
[SourceVersionDate "2005.11.04"]
[SourceQuality "1"]

1. d4 f5 2. Nf3 Nf6 3. g3 g6 4. Bg2 Bg7 5. 0-0 0-0 6. c4 d6 7. Nc3 Nc6 8. d5 Ne5 9. Nxe5 dxe5 10. c5 h6 11. Qb3 Kh8 12. Rd1 g5 13. Bd2 a6 14. Na4 Qe8 15. Rac1 Qh5 16. Ba5 f4 17. f3 fxg3 18. hxg3 g4 19. Bxc7 gxf3 20. exf3 e4 21. Nb6 Bg4 22. Rc3 exf3 23. Rxf3 Bxf3 24. Bxf3 Ng4 25. Bxg4 Qxg4 26. Nxa8 Bd4+ 27. Rxd4 Qxd4+ 28. Kg2 Qf2+ 29. Kh3 Qf1+ 30. Kh4 Qh1+ 31. Kg4 h5+ 32. Kg5 Qe4 33. Qc3+ Kh7 0-1

[Event "Berlin Lichtenrade op 02nd"]
[Site "Berlin"]
[Date "2005.10.07"]
[Round "7"]
[White "Bubolz, Konstantin"]
[Black "Sondermann, Johannes"]
[Result "1/2-1/2"]
[WhiteElo "2042"]
[BlackElo "2179"]
[PlyCount "33"]
[EventDate "2005.10.01"]
[EventType "swiss"]
[EventRounds "9"]
[EventCountry "GER"]
[SourceTitle "CBM 108 Extra"]
[Source "ChessBase"]
[SourceDate "2005.11.04"]
[SourceVersion "1"]
[SourceVersionDate "2005.11.04"]
[SourceQuality "1"]

1. d4 Nf6 2. c4 c5 3. d5 b5 4. cxb5 a6 5. f3 e6 6. e4 d6 7. Nc3 Bb7 8. Bg5 Be7 9. bxa6 Bxa6 10. Bxa6 Nxa6 11. dxe6 fxe6 12. Nge2 h6 13. Bh4 Nc7 14. 0-0 d5 15. exd5 exd5 16. Nf4 Kf7 17. Bxf6 1/2-1/2

[Event "Berlin Lichtenrade op 02nd"]
[Site "Berlin"]
[Date "2005.10.06"]
[Round "6"]
[White "Meissner, Hans Juergen"]
[Black "Bubolz, Konstantin"]
[Result "0-1"]
[WhiteElo "2240"]
[BlackElo "2042"]
[PlyCount "54"]
[EventDate "2005.10.01"]
[EventType "swiss"]
[EventRounds "9"]
[EventCountry "GER"]
[SourceTitle "CBM 108 Extra"]
[Source "ChessBase"]
[SourceDate "2005.11.04"]
[SourceVersion "1"]
[SourceVersionDate "2005.11.04"]
[SourceQuality "1"]

1. e4 e6 2. d4 d5 3. Nc3 Bb4 4. e5 c5 5. a3 Bxc3+ 6. bxc3 Ne7 7. a4 Qc7 8. Nf3 h6 9. Bd3 b6 10. Bb5+ Bd7 11. Bd3 Nbc6 12. 0-0 0-0 13. Bf4 cxd4 14. cxd4 Nb4 15. Qd2 Nxd3 16. cxd3 Rfc8 17. Bxh6 gxh6 18. Qxh6 Qc3 19. Rad1 Ng6 20. Ng5 Nf8 21. Qf6 Be8 22. h4 Qxd4 23. h5 Nd7 24. Qh6 Qxe5 25. Rfe1 Qg7 26. Rxe6 fxe6 27. Qxe6+ Bf7 0-1

[Event "GER-chT North U16"]
[Site "Syke"]
[Date "2004.09.19"]
[Round "7.1"]
[White "Bracker, Frank"]
[Black "Bubolz, Konstantin"]
[Result "1-0"]
[WhiteElo "1841"]
[BlackElo "1916"]
[PlyCount "123"]
[EventDate "2004.09.16"]
[EventType "team-swiss"]
[EventRounds "7"]
[EventCountry "GER"]
[SourceTitle "EXT 2006"]
[Source "ChessBase"]
[SourceDate "2005.11.24"]
[SourceVersion "1"]
[SourceVersionDate "2005.11.24"]
[SourceQuality "1"]

1. e4 e6 2. d4 d5 3. Nc3 dxe4 4. Nxe4 Bd7 5. Nf3 Bc6 6. Bd3 Nd7 7. 0-0 Ngf6 8. Qe2 Be7 9. Bg5 0-0 10. Rad1 Bxe4 11. Bxe4 c6 12. Bd3 Nd5 13. Bd2 Qc7 14. g3 Rfe8 15. c4 N5f6 16. Bc3 Rad8 17. b4 b5 18. cxb5 cxb5 19. Rc1 Nd5 20. Bd2 Qb7 21. Bxb5 Rb8 22. a4 Nxb4 23. Bxb4 Bxb4 24. Bc6 Qc7 25. Ne5 Ba3 26. Rc2 Nxe5 27. Bxe8 Qb7 28. dxe5 Rxe8 29. Qb5 Qe7 30. Rb1 Rd8 31. Qb7 Qg5 32. Qc7 Rd5 33. Rb8+ Bf8 34. Rc1 Qd2 35. Qe7 Qxc1+ 36. Kg2 h6 37. Qxf8+ Kh7 38. Qxf7 Qc6 39. Qf3 Qd7 40. Qe4+ g6 41. Qb4 Qf7 42. a5 a6 43. Qb7 Qxb7 44. Rxb7+ Kg8 45. Rb6 Rxa5 46. Rxe6 Kf7 47. Rf6+ Kg7 48. f4 Ra3 49. Rb6 a5 50. Kh3 Re3 51. Ra6 Ra3 52. Kg4 Ra1 53. Ra7+ Kf8 54. h4 a4 55. h5 gxh5+ 56. Kxh5 Rh1+ 57. Kg6 Rh3 58. Kf6 Ke8 59. e6 Kd8 60. Rxa4 Rxg3 61. e7+ Kc7 62. e8Q 1-0

[Event "GER-chT North U16"]
[Site "Syke"]
[Date "2004.09.18"]
[Round "6.1"]
[White "Bubolz, Konstantin"]
[Black "Lubbe, Nikolas"]
[Result "0-1"]
[WhiteElo "1916"]
[BlackElo "2251"]
[PlyCount "78"]
[EventDate "2004.09.16"]
[EventType "team-swiss"]
[EventRounds "7"]
[EventCountry "GER"]
[SourceTitle "EXT 2006"]
[Source "ChessBase"]
[SourceDate "2005.11.24"]
[SourceVersion "1"]
[SourceVersionDate "2005.11.24"]
[SourceQuality "1"]

1. d4 d5 2. c4 e6 3. Nc3 f5 4. Nf3 Nf6 5. g3 c6 6. cxd5 exd5 7. Bg2 Bd6 8. 0-0 0-0 9. Qc2 Ne4 10. e3 Qe7 11. a3 Bd7 12. Bd2 Be8 13. Ne1 Bh5 14. Nd3 Nd7 15. Rfc1 Ndf6 16. Na4 Ng5 17. Ne5 Ng4 18. f4 Ne4 19. b4 Rf6 20. Nc3 Rh6 21. Nxe4 fxe4 22. h3 Nxe5 23. dxe5 Bxe5 24. fxe5 Qxe5 25. Bc3 Qxg3 26. Qf2 Qg6 27. Be5 Bf3 28. Qg3 Qf7 29. Bxf3 exf3 30. Kf2 Rf8 31. Bf4 Rg6 32. Qxf3 d4 33. Rd1 dxe3+ 34. Qxe3 Rf6 35. Rd4 Rxf4+ 36. Rxf4 Qxf4+ 37. Ke2 Qc4+ 38. Kd2 Rd8+ 39. Ke1 Qf7 0-1

[Event "GER-chT North U16"]
[Site "Syke"]
[Date "2004.09.18"]
[Round "5.1"]
[White "Huschenbeth, Niclas"]
[Black "Bubolz, Konstantin"]
[Result "1-0"]
[WhiteElo "1984"]
[BlackElo "1916"]
[PlyCount "105"]
[EventDate "2004.09.16"]
[EventType "team-swiss"]
[EventRounds "7"]
[EventCountry "GER"]
[SourceTitle "EXT 2006"]
[Source "ChessBase"]
[SourceDate "2005.11.24"]
[SourceVersion "1"]
[SourceVersionDate "2005.11.24"]
[SourceQuality "1"]

1. e4 e6 2. d4 d5 3. Nc3 Bb4 4. e5 c5 5. a3 Bxc3+ 6. bxc3 Ne7 7. Qg4 Qc7 8. Bd3 cxd4 9. Ne2 dxc3 10. Qxg7 Rg8 11. Qxh7 Nbc6 12. Bf4 Bd7 13. Bg3 0-0-0 14. 0-0 d4 15. Qh4 Ng6 16. Qe4 Qa5 17. f4 Nge7 18. Rfb1 Nf5 19. Bf2 Qc5 20. Rb5 Qf8 21. Rab1 Na5 22. Rxa5 Bc6 23. Qxc6+ bxc6 24. Rxa7 Rd7 25. Ba6+ Kd8 26. Rb8+ Ke7 27. Rxd7+ Kxd7 28. Rxf8 Rxf8 29. Nxd4 Ne7 30. Nb3 Rb8 31. Bc4 Nd5 32. Bxd5 cxd5 33. Bd4 Ra8 34. a4 Kc6 35. a5 Kb5 36. Bxc3 Rc8 37. Bd2 Kc4 38. Be3 Kc3 39. Nd4 Kc4 40. Kf2 Ra8 41. Nb3 Kc3 42. Nd4 Kc4 43. g4 Rxa5 44. h4 Ra1 45. h5 Rh1 46. Kg2 Rh4 47. Kg3 Rh1 48. Bf2 Ra1 49. h6 Ra3+ 50. Kg2 Ra8 51. g5 Rg8 52. Nxe6 fxe6 53. h7 1-0

[Event "GER-chT North U16"]
[Site "Syke"]
[Date "2004.09.17"]
[Round "4.1"]
[White "Muecksch, Jonas"]
[Black "Bubolz, Konstantin"]
[Result "1/2-1/2"]
[WhiteElo "1575"]
[BlackElo "1916"]
[PlyCount "35"]
[EventDate "2004.09.16"]
[EventType "team-swiss"]
[EventRounds "7"]
[EventCountry "GER"]
[SourceTitle "EXT 2006"]
[Source "ChessBase"]
[SourceDate "2005.11.24"]
[SourceVersion "1"]
[SourceVersionDate "2005.11.24"]
[SourceQuality "1"]

1. e4 e6 2. d4 d5 3. exd5 exd5 4. Bd3 Bd6 5. Nf3 Bg4 6. c3 Nc6 7. Be3 Nge7 8. h3 Bh5 9. Nbd2 Qd7 10. Qc2 0-0-0 11. b4 Rde8 12. 0-0-0 Bg6 13. Bxg6 Nxg6 14. Ne1 f5 15. Nb3 f4 16. Bd2 Re2 17. Rf1 Rhe8 18. Nf3 1/2-1/2

[Event "Berlin Kreuzberg op 5th"]
[Site "Berlin"]
[Date "2004.06.28"]
[Round "3"]
[White "Bubolz, Konstantin"]
[Black "Wendt, Jan Dietrich"]
[Result "0-1"]
[WhiteElo "2015"]
[BlackElo "2304"]
[PlyCount "50"]
[EventDate "2004.06.26"]
[EventType "swiss"]
[EventRounds "9"]
[EventCountry "GER"]
[SourceTitle "EXT 2022"]
[Source "ChessBase"]
[SourceDate "2021.10.06"]
[SourceVersion "1"]
[SourceVersionDate "2021.10.06"]
[SourceQuality "1"]

1. d4 d6 2. c4 f5 3. Nc3 Nf6 4. g3 g6 5. Bg2 Bg7 6. Nh3 0-0 7. Nf4 Nc6 8. d5 Ne5 9. Qb3 Kh8 10. 0-0 c5 11. a4 b6 12. Bd2 Bd7 13. e4 g5 14. Nh3 g4 15. Ng5 Qe8 16. f4 gxf3 17. Nxf3 Nfg4 18. Nxe5 Bxe5 19. Ne2 Nxh2 20. Kxh2 Qh5+ 21. Kg1 Qxe2 22. Bc3 Qe3+ 23. Kh1 Rf6 24. Bf3 fxe4 25. Rae1 Rh6+ 0-1

[Event "Berlin Kreuzberg op 5th"]
[Site "Berlin"]
[Date "2004.06.27"]
[Round "2"]
[White "Niehaus, Frank"]
[Black "Bubolz, Konstantin"]
[Result "1-0"]
[WhiteElo "2128"]
[BlackElo "2015"]
[PlyCount "65"]
[EventDate "2004.06.26"]
[EventType "swiss"]
[EventRounds "9"]
[EventCountry "GER"]
[SourceTitle "EXT 2022"]
[Source "ChessBase"]
[SourceDate "2021.10.06"]
[SourceVersion "1"]
[SourceVersionDate "2021.10.06"]
[SourceQuality "1"]

1. e4 e6 2. d4 d5 3. Nc3 Bb4 4. e5 c5 5. a3 Bxc3+ 6. bxc3 Ne7 7. Nf3 Bd7 8. a4 Qa5 9. Qd2 Nbc6 10. Bd3 c4 11. Be2 0-0-0 12. 0-0 h6 13. Ba3 g5 14. Rfb1 Nf5 15. g4 Nfe7 16. Bd6 Rdg8 17. Rb5 Qa6 18. Rab1 b6 19. a5 Nxa5 20. Rxa5 Qxa5 21. Bxe7 b5 22. Qc1 Kb7 23. Ra1 Qc7 24. Qa3 a5 25. Bf6 a4 26. Qb4 Ka8 27. Bxh8 Rxh8 28. Nd2 h5 29. gxh5 g4 30. Qe7 f5 31. exf6 Rxh5 32. Nf1 e5 33. f7 1-0